| 000 | 00735nam a2200217Ia 4500 | ||
|---|---|---|---|
| 003 | GCL | ||
| 008 | 140319s9999 xx 000 0 ara d | ||
| 040 |
_aGCL / _cGCL |
||
| 082 | 0 | 4 |
_a892.4 _bم ا |
| 100 | 1 | _aابراهيم البحراوى | |
| 245 | 1 | 0 |
_aاستراتيجية الادب الصهيونى لارهاب العرب / _cابراهيم البحراوى |
| 700 | 1 | _aمحمود صميدة | |
| 260 |
_a[S.N] : _bدار الهلال للطباعة والنشر ، _c1988 |
||
| 300 | _a176 ص | ||
| 490 |
_aنحن وهم _v0 |
||
| 650 | 0 | 4 | _aالصهيونية |
| 650 | 0 | 4 | _aالادب العبرى |
| 650 | 0 | 4 | _aالقصص العبرية القصيرة |
| 650 | 0 | 4 | _aالسياسة فى الادب |
| 942 |
_2ddc _cBK |
||
| 999 |
_c55585 _d55585 |
||